| 000 | 01483nam0a2200385 i 4500 | ||
|---|---|---|---|
| 001 | RU\NLR\BIBL_A\011155083 | ||
| 005 | 20241106065104.0 | ||
| 010 |
_a9785389112292 _95000 |
||
| 021 |
_aRU _b2016-45513 _92923 |
||
| 035 | _a(NILC)RuMoRGB-008507484 | ||
| 035 | _a(NLR Aleph) 011155083 | ||
| 090 |
_a11691236 _c11691236 |
||
| 100 | _a20160616d2016 um y0rusy50 ca | ||
| 101 | 1 |
_arus _ceng |
|
| 102 | _aRU | ||
| 105 | _ay|||z|||000ay | ||
| 200 | 1 |
_aМадемуазель Шанель _e[роман] _fК. У. Гортнер _g[пер. с англ. Виктории Яковлевой] |
|
| 210 |
_aСанкт-Петербург _cАзбука _cАзбука-Аттикус _d2016 |
||
| 215 |
_a475, [3] с. _d18 |
||
| 225 | 1 | _aЖенские тайны | |
| 320 | _aБиблиогр.: с. 475-476 | ||
| 320 | _aДр. книги авт.: с. 2 | ||
| 333 | _a16+ | ||
| 600 | 1 |
_aШанель _bК. _f1883 - 1971 _gКоко _91844949 _3RU\NLR\AUTH\66835546 |
|
| 600 | 1 |
_aШанель _bК. _f1883 - 1971 _gКоко _xв художественной литературе _91586215 _3RU\NLR\AUTH\66696676 |
|
| 675 | _a745/749 | ||
| 686 | 1 | _aЩ126.63(4Фр)6-8Шанель | |
| 686 | 1 | _aШ6(7США)67-443{Лх1979-53} | |
| 700 | 1 |
_7ca _8rus _aГортнер _bК. У. _gКристофер У. _9147466 _3RU\NLR\AUTH\770147502 |
|
| 801 | 0 |
_aRU _bРГБ _c20160602 _gRCR |
|
| 801 | 2 |
_aRU _bРГБ _c20160607 _grcr |
|
| 942 | _cBOOK | ||
| 980 | _aNBR | ||